Four great russian short novels

Gorde:
Xehetasun bibliografikoak
Formatua: Liburua
Hizkuntza:ingelesa
Argitaratua: Nueva York Dell 1959
Gaiak:
Etiketak: Etiketa erantsi
Etiketarik gabe, Izan zaitez lehena erregistro honi etiketa jartzen!

MARC

LEADER 00000nam a2200000 a 4500
001 UCK7482
003 CL-VaPUC
008 051125e19590000US |||||||||||||||||eng|d
082 0 4 |a 891.703  |b FOU  |2 21 
245 1 0 |a Four great russian short novels 
300 |a 383 p 
942 |c BK 
945 |d 20051125 00:00:00  |a cmena 
260 |a Nueva York  |b Dell  |c 1959 
500 |a Incluye: 
500 |a First love, by Ivan Turgenev 
500 |a The gambler, by Fyodor Dostoyevsky 
500 |a Master and man, by Leo Tolstoy 
500 |a The duel, by Anton Chekhov 
600 0 7 |a TURGENEV, IVAN  |2 CL-VaPUC  |9 496981 
600 0 7 |a DOSTOIEVSKY, FEDOR  |2 CL-VaPUC  |9 496982 
600 0 |a Tolstoi, León Graf  |d 1828-1910  |9 346194 
600 0 7 |a CHEJOV, ANTON PAVLOVICH  |2 CL-VaPUC  |9 352083 
650 0 |a Novelas rusas   |9 316330 
650 0 |a Literatura rusa  |9 318370 
583 |a last modification  |c 20051125 00:00:00  |k Rodrigo Vera 
999 |c 315392  |d 315390 
952 |0 0  |1 0  |4 0  |6 891_703000000000000_FOU_1959  |7 0  |8 A  |9 388600  |a BIBEDU  |b BIBEDU  |d 2019-11-22  |i 4180127  |o 891.703 FOU 1959  |p 4180127  |r 2019-11-22  |w 2019-11-22  |y BK  |k LIT